[Event "17e open 1hKO"]
[Site "Montigny le Bretonneux"]
[Date "2013.05.20"]
[Round "9.11"]
[White "Soleranski, Vincent"]
[Black "Mutzel, Annabelle"]
[Result "0-1"]
[WhiteElo "1478"]
[BlackElo "1406"]
[PlyCount "68"]
[EventDate "2013.04.??"]
[EventType "swiss"]
[EventRounds "7"]
[EventCountry "FRA"]
[SourceDate "2005.09.12"]

{Défense sicilienne, fianchetto accéléré} 1. e4 c5 2. Nf3 Nc6 3. d4 cxd4 4.
Nxd4 g6 5. Nxc6 bxc6 6. Nc3 Bg7 7. Bd2 Nf6 8. Bd3 d5 9. f3 O-O 10. O-O Qb6+ 11.
Rf2 Qxb2 12. Rb1 Qa3 13. Rb3 Qd6 14. g3 Be6 15. Bf4 Qd8 16. Ra3 Nh5 17. Ne2
Nxf4 18. Nxf4 Bd4 19. Nxe6 Bxf2+ 20. Kxf2 fxe6 21. Qe2 Rf7 22. exd5 Qxd5 23.
Be4 Qd4+ 24. Re3 Rc8 25. Qa6 Qd7 26. Rd3 Qc7 27. Rc3 Qb6+ 28. Qxb6 axb6 29. Rb3
b5 30. Ke3 Rff8 31. Bd3 Ra8 32. a3 Ra6 33. c4 Rb8 34. Rb4 Rxa3 0-1

[Event "17e open 1hKO"]
[Site "Montigny le Bretonneux"]
[Date "2013.05.20"]
[Round "9.12"]
[White "Montay, Jean Paul"]
[Black "Fosse, Jean-Claude"]
[Result "0-1"]
[WhiteElo "1369"]
[BlackElo "1443"]
[PlyCount "56"]
[EventDate "2013.04.??"]
[EventType "swiss"]
[EventRounds "7"]
[EventCountry "FRA"]
[SourceDate "2005.09.12"]

{Défense sicilienne, variante Paulsen} 1. e4 c5 2. Nf3 e6 3. d4 cxd4 4. Nxd4 a6
5. Be2 Nf6 6. Nc3 Qc7 7. O-O b5 8. Bf3 Bb7 9. Re1 d6 10. h3 Nbd7 11. Bg5 Be7
12. Bh4 Ne5 13. Bxf6 Bxf6 14. Re3 Nc4 15. Re2 Nxb2 16. Qd2 Nc4 17. Qd3 O-O 18.
e5 Nxe5 19. Qd2 Nxf3+ 20. Nxf3 Bxc3 21. Qc1 Bxa1 22. Qxa1 Bxf3 23. gxf3 Rac8
24. Qb2 Qc3 25. Qb1 Qxf3 26. Re3 Qf5 27. Qd1 Rxc2 28. Qxd6 Qxf2+ 0-1

[Event "17e open 1hKO"]
[Site "Montigny le Bretonneux"]
[Date "2013.05.18"]
[Round "9.13"]
[White "Mcintosh, Antoine"]
[Black "Verat-Fayolle, Celian"]
[Result "0-1"]
[WhiteElo "1110"]
[BlackElo "1270"]
[PlyCount "72"]
[EventDate "2013.04.??"]
[EventType "swiss"]
[EventRounds "7"]
[EventCountry "FRA"]
[SourceDate "2005.09.12"]

{Partie viennoise, variante Falkbeer} 1. e4 e5 2. g3 Nf6 3. Nc3 g6 4. d3 Nc6 5.
Nf3 Bg7 6. Bg2 O-O 7. O-O d5 8. exd5 Nxd5 9. Ne4 f5 10. Bg5 Nf6 11. Nxf6+ Bxf6
12. Bxf6 Qxf6 13. Qd2 f4 14. gxf4 Qxf4 15. Qe2 Bg4 16. Qe4 Qxe4 17. dxe4 Bxf3
18. Bxf3 Rxf3 19. Rad1 Rd8 20. Kg2 Rxd1 21. Rxd1 Rf4 22. f3 Nd4 23. Rd3 Nxc2
24. Rd8+ Kg7 25. Rd7+ Rf7 26. Rd5 Ne3+ 27. Kf2 Nxd5 28. exd5 e4 29. Kf1 Rxf3+
30. Kg2 Kf6 31. h3 Kg5 32. Kh2 e3 33. h4+ Kg4 34. b4 Rf2+ 35. Kh1 e2 36. Kg1
e1=Q# 0-1

[Event "17e open 1hKO"]
[Site "Montigny le Bretonneux"]
[Date "2013.05.20"]
[Round "9.14"]
[White "Darpoux, Danielle"]
[Black "De Romance, Flavien"]
[Result "0-1"]
[WhiteElo "1386"]
[BlackElo "1310"]
[PlyCount "60"]
[EventDate "2013.04.??"]
[EventType "swiss"]
[EventRounds "7"]
[EventCountry "FRA"]
[SourceDate "2005.09.12"]

{Partie des quatre cavaliers, variante symétrique} 1. e4 e5 2. Nf3 Nc6 3. Bb5
Nf6 4. Nc3 Bb4 5. O-O O-O 6. Bd3 d5 7. exd5 Nxd5 8. Nxd5 Qxd5 9. Re1 Bg4 10.
Be4 Qd6 11. c3 Ba5 12. Qc2 f5 13. Bxc6 bxc6 14. Nxe5 Rae8 15. f4 Bb6+ 16. d4 c5
17. Be3 h6 18. h3 Bh5 19. g4 fxg4 20. hxg4 Bf7 21. Nd3 cxd4 22. Bd2 dxc3+ 23.
Kf1 cxd2 24. Qxd2 Bc4 25. Rad1 Qd5 26. Qg2 Bxd3+ 27. Rxd3 Qxd3+ 28. Qe2 Rxe2
29. Rxe2 Rxf4+ 30. Ke1 Ba5+ 0-1

[Event "17e open 1hKO"]
[Site "Montigny le Bretonneux"]
[Date "2013.05.20"]
[Round "9.15"]
[White "Stonner, Martin"]
[Black "Sagon, Lancelot"]
[Result "0-1"]
[WhiteElo "1440"]
[BlackElo "1310"]
[PlyCount "98"]
[EventDate "2013.04.??"]
[EventType "swiss"]
[EventRounds "7"]
[EventCountry "FRA"]
[SourceDate "2005.09.12"]

{Gambit dame} 1. d4 d5 2. c4 e6 3. Nc3 Nf6 4. cxd5 exd5 5. a3 Nc6 6. g3 Be7 7.
Bg2 O-O 8. Bg5 Be6 9. Bxf6 Bxf6 10. e4 dxe4 11. d5 Bxc3+ 12. bxc3 Bxd5 13. Rb1
b6 14. c4 Bxc4 15. Bxe4 Qxd1+ 16. Rxd1 Bb5 17. Rc1 Rfe8 18. f3 Rad8 19. Ne2
Bxe2 20. Kxe2 Nd4+ 21. Kf2 c5 22. Rc3 g6 23. Re1 Kg7 24. Rce3 Rf8 25. Bd3 c4
26. Be4 b5 27. Rc3 a6 28. Ra1 f5 29. Bb1 Rc8 30. Ba2 Rfe8 31. a4 Re2+ 32. Kg1
h5 33. axb5 axb5 34. Rb1 Rxa2 35. Re3 Rb8 36. Re7+ Kf6 37. Rd7 Ne2+ 38. Kf1 c3
39. Rbd1 c2 40. R1d6+ Kg5 41. h4+ Kh6 42. Rc7 c1=Q+ 43. Rxc1 Nxc1 44. g4 hxg4
45. fxg4 fxg4 46. Rd5 Rf8+ 47. Ke1 Rff2 48. Rd2 Rfxd2 49. h5 Nd3+ 0-1

[Event "17e open 1hKO"]
[Site "Montigny le Bretonneux"]
[Date "2013.05.20"]
[Round "9.16"]
[White "Sellier, Alexandre"]
[Black "Mutzel, Joseph"]
[Result "0-1"]
[WhiteElo "1180"]
[BlackElo "1320"]
[PlyCount "82"]
[EventDate "2013.04.??"]
[EventType "swiss"]
[EventRounds "7"]
[EventCountry "FRA"]
[SourceDate "2005.09.12"]

{Partie des quatre cavaliers, variante espagnole} 1. e4 e5 2. Nf3 Nc6 3. Nc3
Bc5 4. Bb5 Nf6 5. O-O O-O 6. d3 d6 7. Bxc6 bxc6 8. Bg5 Be6 9. h3 Qd7 10. Bxf6
gxf6 11. d4 exd4 12. Nxd4 Kh8 13. Nce2 Bxh3 14. gxh3 Rg8+ 15. Ng3 Qxh3 16. Qf3
Bxd4 17. Rad1 Be5 18. Rd3 Rg4 19. Re1 Rag8 20. Ree3 Rh4 21. c3 Qh2+ 22. Kf1 Bf4
23. Nf5 Rg1+ 24. Ke2 Rg3 25. Nxh4 Rxf3 26. Nxf3 Qh6 27. Nd4 Bxe3 28. Rxe3 c5
29. Nc6 Qh5+ 30. Ke1 a6 31. Rg3 Qh1+ 32. Ke2 Qxe4+ 33. Kf1 Qxc6 34. Ke2 Qb5+
35. Ke3 Qxb2 36. Rf3 Qxc3+ 37. Ke4 f5+ 38. Kf4 Qe5+ 39. Kg5 f6+ 40. Kh6 f4 41.
Rb3 Qg5# 0-1

[Event "II Open La Meridiana"]
[Site "Perugia"]
[Date "2012.11.09"]
[Round "1"]
[White "Bighiu, Gheorghe"]
[Black "Capossela, Fabio"]
[Result "1-0"]
[WhiteElo "1991"]
[BlackElo "1665"]
[PlyCount "49"]
[EventDate "2012.11.09"]
[EventType "swiss"]
[EventCountry "ITA"]
[SourceDate "2005.09.12"]

1. h3 e5 2. e4 Nf6 3. Nf3 Nc6 4. Nc3 Be7 5. d4 exd4 6. Nxd4 O-O 7. Nxc6 bxc6 8.
Bd3 a5 9. O-O Ba6 10. Bxa6 Rxa6 11. e5 Ne8 12. Qg4 Kh8 13. Bf4 f5 14. Qe2 Rb6
15. b3 Rb4 16. g3 Bg5 17. a3 Rb8 18. Rad1 Bxf4 19. gxf4 g5 20. e6 gxf4 21. e7
Rg8+ 22. Kh2 Qc8 23. Qe5+ Rg7 24. Qxf5 Rxe7 25. Qf8# 1-0

[Event "II Open La Meridiana"]
[Site "Perugia"]
[Date "2012.11.09"]
[Round "1"]
[White "Calandri, Fausto"]
[Black "Maddaloni, Giovanni"]
[Result "1-0"]
[WhiteElo "2113"]
[BlackElo "1735"]
[PlyCount "85"]
[EventDate "2012.11.09"]
[EventType "swiss"]
[EventCountry "ITA"]
[SourceDate "2005.09.12"]

1. e4 c5 2. Nf3 d6 3. Bb5+ Nc6 4. O-O Qb6 5. Nc3 e6 6. Re1 a6 7. Bf1 Be7 8. b3
Nf6 9. Bb2 O-O 10. h3 Rd8 11. Na4 Qc7 12. c4 Bd7 13. Nc3 Bf8 14. d4 Be8 15. d5
Nd4 16. Nxd4 cxd4 17. Qxd4 e5 18. Qe3 Nh5 19. g4 Nf4 20. Ne2 g5 21. Rac1 f6 22.
Ng3 Rac8 23. a4 h5 24. Nxh5 Bxh5 25. gxh5 Rd7 26. Be2 Rh7 27. Bg4 Re8 28. Ba3
b6 29. Rc3 Nxh5 30. Bxh5 Rxh5 31. Qf3 Qf7 32. Kh2 Rh4 33. Rg1 Rf4 34. Qe2 Be7
35. Rg4 Qh5 36. Bc1 f5 37. exf5 Rxf5 38. Rcg3 Qf7 39. Kg1 Rf8 40. Bxg5 Rxg5 41.
Rxg5+ Bxg5 42. Rxg5+ Kh7 43. Qe4+ 1-0

[Event "II Open La Meridiana"]
[Site "Perugia"]
[Date "2012.11.09"]
[Round "1"]
[White "Epitome, Nando"]
[Black "Procacci, Sergio"]
[Result "0-1"]
[WhiteElo "1674"]
[BlackElo "2015"]
[PlyCount "98"]
[EventDate "2012.11.09"]
[EventType "swiss"]
[EventCountry "ITA"]
[SourceDate "2005.09.12"]

1. d4 Nf6 2. c4 g6 3. Nc3 d5 4. Nf3 Bg7 5. h3 c6 6. c5 Ne4 7. Bd2 O-O 8. e3
Nxd2 9. Qxd2 Nd7 10. b4 Re8 11. Be2 e5 12. dxe5 a5 13. b5 Nxc5 14. Rc1 Qe7 15.
Qd4 Nd7 16. bxc6 bxc6 17. O-O Nxe5 18. Qa4 Bd7 19. Rfd1 Nxf3+ 20. Bxf3 Qb4 21.
Qc2 Bf5 22. Qd2 Rab8 23. g4 Bxc3 24. Qxc3 Bd7 25. Rd4 Qb7 26. Qxa5 Qb2 27. Qd2
Qxd2 28. Rxd2 Rb7 29. Rcc2 f5 30. gxf5 gxf5 31. Rd4 Kg7 32. Kh2 Rb1 33. a4 Kf6
34. Ra2 Rg8 35. a5 Ra8 36. a6 Ra7 37. Rh4 Be8 38. Rh6+ Bg6 39. Rh4 Rb6 40. Rha4
Ke5 41. Ra5 f4 42. R2a4 fxe3 43. fxe3 Bd3 44. Rd4 Raxa6 45. Rc5 Bg6 46. Kg3 Rb3
47. Kf2 Ra2+ 48. Kg3 Rxe3 49. Rxc6 Kxd4 0-1

[Event "II Open La Meridiana"]
[Site "Perugia"]
[Date "2012.11.09"]
[Round "1"]
[White "Gulinelli, Euro"]
[Black "Trasciatti, Mirko"]
[Result "0-1"]
[WhiteElo "1659"]
[BlackElo "1978"]
[PlyCount "50"]
[EventDate "2012.11.09"]
[EventType "swiss"]
[EventCountry "ITA"]
[SourceDate "2005.09.12"]

1. e4 e6 2. d4 d5 3. Nd2 Nf6 4. e5 Nfd7 5. Ndf3 c5 6. c3 Nc6 7. Bb5 cxd4 8.
cxd4 Qa5+ 9. Bd2 Qxb5 10. Ne2 Be7 11. O-O f6 12. Nf4 Nf8 13. a4 Qb6 14. a5 Qc7
15. Nh5 Kf7 16. exf6 gxf6 17. Bh6 Ng6 18. Bg7 Rg8 19. Bxf6 Bxf6 20. Nxf6 Kxf6
21. Ra3 Bd7 22. Qd2 Qf4 23. Re3 Kg7 24. Qe2 Kh8 25. g3 Qf6 0-1

[Event "II Open La Meridiana"]
[Site "Perugia"]
[Date "2012.11.09"]
[Round "1"]
[White "Naumkin, Igor"]
[Black "Donati, Michele"]
[Result "1-0"]
[WhiteElo "2501"]
[BlackElo "1774"]
[PlyCount "57"]
[EventDate "2012.11.09"]
[EventType "swiss"]
[EventCountry "ITA"]
[SourceDate "2005.09.12"]

1. d4 d5 2. c4 c6 3. Nf3 Nf6 4. Nc3 e6 5. e3 Nbd7 6. Qc2 Bd6 7. Bd3 O-O 8. O-O
Qe7 9. c5 Bc7 10. e4 dxe4 11. Nxe4 Nd5 12. Bd2 Rd8 13. Rae1 Nf8 14. Ne5 Bd7 15.
Ng5 f5 16. Nef7 h6 17. Nxd8 Qxd8 18. Nf3 g5 19. Ne5 Be8 20. g3 Qf6 21. Bc4 Ng6
22. Bc3 f4 23. Ng4 Qg7 24. Rxe6 Bf7 25. Rfe1 Bxe6 26. Rxe6 Nf8 27. Rxh6 fxg3
28. hxg3 Rd8 29. Qf5 1-0

[Event "II Open La Meridiana"]
[Site "Perugia"]
[Date "2012.11.09"]
[Round "1"]
[White "Panariello, Francesco"]
[Black "Marsili, Riccardo"]
[Result "0-1"]
[WhiteElo "1718"]
[BlackElo "2074"]
[PlyCount "78"]
[EventDate "2012.11.09"]
[EventType "swiss"]
[EventCountry "ITA"]
[SourceDate "2005.09.12"]

1. d4 Nf6 2. Nf3 c5 3. e3 g6 4. Bd3 Bg7 5. Nbd2 O-O 6. O-O d5 7. c3 Nc6 8. dxc5
e5 9. Bb5 Qe7 10. Nb3 Rd8 11. Re1 Ne4 12. Nfd2 Nxc5 13. Bf1 Be6 14. g3 f5 15.
Nxc5 Qxc5 16. Nb3 Qe7 17. f4 Bf7 18. Qe2 a5 19. a4 d4 20. Qb5 dxc3 21. bxc3
exf4 22. Ba3 Qc7 23. Nd4 fxg3 24. Bg2 gxh2+ 25. Kh1 Rab8 26. Rac1 Qe5 27. Bxc6
bxc6 28. Qxe5 Bxe5 29. e4 Bxd4 30. cxd4 fxe4 31. Kxh2 Rxd4 32. Rxc6 Rxa4 33.
Bd6 Re8 34. Bf4 Ra2+ 35. Kg1 a4 36. Rc7 Ra3 37. Rd1 Rd3 38. Rb1 e3 39. Rbb7 e2
0-1

[Event "II Open La Meridiana"]
[Site "Perugia"]
[Date "2012.11.09"]
[Round "1"]
[White "Tanasa, Remus"]
[Black "Rybytskyi, Stepan"]
[Result "1/2-1/2"]
[WhiteElo "2037"]
[BlackElo "1710"]
[PlyCount "136"]
[EventDate "2012.11.09"]
[EventType "swiss"]
[EventCountry "ITA"]
[SourceDate "2005.09.12"]

1. c4 e6 2. Nf3 Nf6 3. g3 Nc6 4. Bg2 Be7 5. O-O O-O 6. Nc3 d5 7. cxd5 exd5 8.
d4 h6 9. Ne5 Be6 10. Qa4 Nxe5 11. dxe5 Nd7 12. f4 Nb6 13. Qd1 c6 14. f5 d4 15.
Ne4 Bd5 16. Qxd4 Bxe4 17. Qxe4 Bc5+ 18. Be3 Bxe3+ 19. Qxe3 Qg5 20. Qxg5 hxg5
21. e6 fxe6 22. fxe6 Rfe8 23. Bh3 Na4 24. Rac1 Rad8 25. Rf7 Rd2 26. Bg4 Rxb2
27. Rcf1 Nc3 28. e7 Kh7 29. Bd7 Nxe2+ 30. Kh1 Rxe7 31. Rxe7 Nd4 32. Bf5+ Kh6
33. Re8 Nxf5 34. Rxf5 Rxa2 35. Re7 b5 36. Re6+ Kh5 37. Rxc6 b4 38. Rb5 Ra4 39.
Rc4 a5 40. Rcc5 Ra1+ 41. Kg2 a4 42. Rxb4 a3 43. Ra4 Rb1 44. Rxa3 Kg4 45. Ra4+
Kh5 46. Raa5 Rb2+ 47. Kf3 Rb3+ 48. Ke4 Rb4+ 49. Kd3 Rb2 50. Rxg5+ Kh6 51. h4
Rb3+ 52. Kc4 Rb1 53. Ra6+ Kh7 54. Ra7 Kh8 55. Raxg7 Rb4+ 56. Kd5 Rd4+ 57. Ke6
Rd6+ 58. Kf5 Rd5+ 59. Kg6 Rd6+ 60. Kf7 Rd7+ 61. Kg6 Rd6+ 62. Kf5 Rd5+ 63. Kg4
Rd4+ 64. Kh5 Rxh4+ 65. Kg6 Rh6+ 66. Kf7 Rf6+ 67. Ke8 Rf8+ 68. Ke7 Re8+ 1/2-1/2

[Event "II Open La Meridiana"]
[Site "Perugia"]
[Date "2012.11.09"]
[Round "1"]
[White "Zenatto, Giuliano"]
[Black "Bruno, Fabio"]
[Result "0-1"]
[WhiteElo "1760"]
[BlackElo "2424"]
[PlyCount "78"]
[EventDate "2012.11.09"]
[EventType "swiss"]
[EventCountry "ITA"]
[SourceDate "2005.09.12"]

1. d4 d5 2. Nf3 Nf6 3. c4 e6 4. e3 c5 5. dxc5 Bxc5 6. cxd5 exd5 7. Be2 O-O 8.
O-O Nc6 9. a3 Bb6 10. b4 Qd6 11. Bb2 a6 12. Nbd2 Bc7 13. g3 Bh3 14. Re1 Rad8
15. Bf1 Bxf1 16. Rxf1 Bb6 17. Nb3 Ne4 18. Rc1 Rfe8 19. Nbd4 Ne7 20. Qe2 Qh6 21.
Rc2 Nd6 22. Nd2 Nef5 23. Nxf5 Nxf5 24. Qf3 Qg6 25. Rfc1 Nxe3 26. fxe3 Rxe3 27.
Kg2 Rxf3 28. Nxf3 h6 29. Re2 d4 30. Ne5 Qe6 31. Rce1 d3 32. Rd2 f6 33. Nf3 Qc6
34. h3 h5 35. Re7 Re8 36. Rxe8+ Qxe8 37. Kf1 Qe3 38. Kg2 Qe4 39. Bc3 g5 0-1

[Event "II Open La Meridiana"]
[Site "Perugia"]
[Date "2012.11.10"]
[Round "2"]
[White "Anasetti, Alberto"]
[Black "Bighiu, Gheorghe"]
[Result "1-0"]
[WhiteElo "1781"]
[BlackElo "1991"]
[PlyCount "95"]
[EventDate "2012.11.09"]
[EventType "swiss"]
[EventCountry "ITA"]
[SourceDate "2005.09.12"]

1. e4 e5 2. Nf3 Nf6 3. Nxe5 d6 4. Nf3 Nxe4 5. Nc3 Nxc3 6. dxc3 Be7 7. Be3 Nc6
8. Qd2 Be6 9. Nd4 Nxd4 10. cxd4 c6 11. Bd3 O-O 12. O-O b5 13. b3 d5 14. f4 f5
15. Rae1 g6 16. Bf2 Bf7 17. Re3 a5 18. Rg3 Qd7 19. Re1 b4 20. Bxf5 Qd6 21. Bh3
Bh4 22. Rf3 Bf6 23. g3 Rfe8 24. Rxe8+ Rxe8 25. Re3 Re4 26. Re1 Qe7 27. Kf1 Qa7
28. Rxe4 dxe4 29. c4 bxc3 30. Qxc3 Qa6+ 31. Ke1 Be7 32. Bf1 Qb7 33. Qc2 Bd5 34.
Bc4 Bb4+ 35. Ke2 Qd7 36. Qxe4 Qg4+ 37. Kf1 Qd1+ 38. Kg2 Bxc4 39. bxc4 Qd2 40.
Qb1 Qe2 41. c5 Bc3 42. Kg1 Kg7 43. a4 Kh6 44. f5 gxf5 45. Qxf5 Qd1+ 46. Kg2
Qxa4 47. Qf6+ Kh5 48. h3 1-0

[Event "II Open La Meridiana"]
[Site "Perugia"]
[Date "2012.11.10"]
[Round "2"]
[White "Bruno, Fabio"]
[Black "Balducci, Alessandro"]
[Result "1-0"]
[WhiteElo "2424"]
[BlackElo "1830"]
[PlyCount "49"]
[EventDate "2012.11.09"]
[EventType "swiss"]
[EventCountry "ITA"]
[SourceDate "2005.09.12"]

1. d4 Nf6 2. Bg5 c5 3. d5 g6 4. Nc3 Bg7 5. e4 d6 6. h3 O-O 7. Nf3 e6 8. Bd3
Nbd7 9. dxe6 fxe6 10. O-O Ne5 11. Nxe5 dxe5 12. Bc4 Qe7 13. Qe2 Bd7 14. a4 a6
15. a5 Bc6 16. Nd5 Qf7 17. Nxf6+ Bxf6 18. Bh6 Rfd8 19. Qg4 Rd6 20. Rad1 Rad8
21. Rxd6 Rxd6 22. Be3 h5 23. Qf3 Bd8 24. Qg3 Bxe4 25. Qxe5 1-0

[Event "II Open La Meridiana"]
[Site "Perugia"]
[Date "2012.11.10"]
[Round "2"]
[White "Marsili, Riccardo"]
[Black "Gorietti, Stefano"]
[Result "0-1"]
[WhiteElo "2074"]
[BlackElo "1823"]
[PlyCount "78"]
[EventDate "2012.11.09"]
[EventType "swiss"]
[EventCountry "ITA"]
[SourceDate "2005.09.12"]

1. e4 c5 2. Nf3 d6 3. d4 cxd4 4. Nxd4 Nf6 5. Nc3 g6 6. f3 Bg7 7. Be3 O-O 8. Qd2
Nc6 9. Bc4 a6 10. O-O-O Nxd4 11. Bxd4 b5 12. Bb3 a5 13. Nxb5 a4 14. Bc4 Ba6 15.
Qb4 Qb8 16. a3 Rc8 17. Bd3 Nd7 18. Bxg7 Kxg7 19. Kb1 Nc5 20. Be2 Rc6 21. Nd4
Rb6 22. Qc3 e5 23. Bxa6 Raxa6 24. Ne2 Rxb2+ 25. Qxb2 Rb6 26. Qxb6 Qxb6+ 27. Ka2
Qa6 28. Rd2 Qc4+ 29. Kb2 f5 30. exf5 e4 31. Nc3 Nd3+ 32. cxd3 Qb3+ 33. Ka1
Qxc3+ 34. Rb2 Qxa3+ 35. Ra2 Qc3+ 36. Kb1 Qxd3+ 37. Kc1 e3 38. Re1 Qc3+ 39. Kd1
Qb3+ 0-1

[Event "II Open La Meridiana"]
[Site "Perugia"]
[Date "2012.11.10"]
[Round "2"]
[White "Pastore, Cosmas"]
[Black "Naumkin, Igor"]
[Result "0-1"]
[WhiteElo "1835"]
[BlackElo "2501"]
[PlyCount "48"]
[EventDate "2012.11.09"]
[EventType "swiss"]
[EventCountry "ITA"]
[SourceDate "2005.09.12"]

1. e4 e6 2. d4 d5 3. e5 c5 4. c3 Nc6 5. Nf3 Qb6 6. Bd3 cxd4 7. cxd4 Bd7 8. Nc3
Nxd4 9. O-O Nc6 10. Re1 Nh6 11. a3 Rc8 12. Na4 Qd8 13. Bf4 Be7 14. Rc1 g5 15.
Bg3 Nf5 16. Bxf5 exf5 17. e6 Bxe6 18. Be5 Nxe5 19. Rxe5 Rxc1 20. Qxc1 Qd6 21.
Re1 f4 22. Nd4 O-O 23. Nc3 Bf6 24. Qd1 Bd7 0-1

[Event "II Open La Meridiana"]
[Site "Perugia"]
[Date "2012.11.10"]
[Round "2"]
[White "Procacci, Sergio"]
[Black "Romano, Claudio"]
[Result "1-0"]
[WhiteElo "2015"]
[BlackElo "1781"]
[PlyCount "47"]
[EventDate "2012.11.09"]
[EventType "swiss"]
[EventCountry "ITA"]
[SourceDate "2005.09.12"]

1. Nf3 Nf6 2. g3 g6 3. Bg2 Bg7 4. c4 d6 5. Nc3 O-O 6. O-O c6 7. d4 b6 8. b3 d5
9. cxd5 cxd5 10. Ne5 e6 11. Ba3 Re8 12. Nb5 Bf8 13. Qc1 Bxa3 14. Qxa3 a6 15.
Nd6 Qe7 16. Rac1 Rd8 17. Nexf7 Rf8 18. Nh6+ Kh8 19. Rxc8 Ng8 20. Rfc1 Nd7 21.
Nhf7+ Kg7 22. Rxa8 Rxa8 23. Rc7 Rf8 24. Ne5 1-0

[Event "II Open La Meridiana"]
[Site "Perugia"]
[Date "2012.11.10"]
[Round "2"]
[White "Vannelli, Vittorio"]
[Black "Calandri, Fausto"]
[Result "0-1"]
[WhiteElo "1824"]
[BlackElo "2113"]
[PlyCount "66"]
[EventDate "2012.11.09"]
[EventType "swiss"]
[EventCountry "ITA"]
[SourceDate "2005.09.12"]

1. e4 e6 2. d4 d5 3. Nc3 Bb4 4. e5 Ne7 5. a3 Bxc3+ 6. bxc3 c5 7. Bd3 Nbc6 8.
Nf3 Qa5 9. Qd2 b6 10. O-O Ba6 11. Bxa6 Qxa6 12. Qf4 O-O 13. Re1 cxd4 14. Nxd4
Nxd4 15. Qxd4 Rac8 16. Bg5 Nf5 17. Qd2 Rc4 18. Qe2 Qa4 19. Qd3 Rfc8 20. Bd2 h5
21. Reb1 Re4 22. f3 Rec4 23. Rb3 Qa5 24. h3 h4 25. Rab1 Qc5+ 26. Kh2 Ra4 27.
Be1 Rxa3 28. Rxa3 Qxa3 29. Rb4 Qa1 30. Qd2 Ng3 31. Kg1 Rxc3 32. Rxh4 Rxc2 33.
Qxc2 Qxe1+ 0-1

[Event "II Open La Meridiana"]
[Site "Perugia"]
[Date "2012.11.10"]
[Round "3"]
[White "Bolzoni, Luciano"]
[Black "Rybytskyi, Stepan"]
[Result "0-1"]
[WhiteElo "1590"]
[BlackElo "1710"]
[PlyCount "52"]
[EventDate "2012.11.09"]
[EventType "swiss"]
[EventCountry "ITA"]
[SourceDate "2005.09.12"]

1. e4 e5 2. f4 exf4 3. Nf3 f6 4. Bc4 d6 5. d4 g5 6. Nxg5 fxg5 7. Qh5+ Kd7 8.
Qf7+ Qe7 9. Qd5 c6 10. Qa5 b6 11. Qc3 Bg7 12. O-O c5 13. Bb5+ Kc7 14. e5 dxe5
15. d5 e4 16. Qc4 Bd4+ 17. Kh1 a6 18. Bc6 Nxc6 19. dxc6 Kxc6 20. c3 b5 21. Qe2
Bg7 22. Nd2 Nf6 23. h3 Bb7 24. b4 e3 25. Nb3 Ne4 26. Nxc5 Ng3+ 0-1

[Event "II Open La Meridiana"]
[Site "Perugia"]
[Date "2012.11.10"]
[Round "3"]
[White "Calandri, Fausto"]
[Black "Anasetti, Alberto"]
[Result "1-0"]
[WhiteElo "2113"]
[BlackElo "1781"]
[PlyCount "89"]
[EventDate "2012.11.09"]
[EventType "swiss"]
[EventCountry "ITA"]
[SourceDate "2005.09.12"]

1. e4 g6 2. d4 Bg7 3. Nf3 d6 4. Nc3 Nc6 5. Be2 e5 6. Be3 Nh6 7. dxe5 Ng4 8. Bg5
f6 9. exf6 Bxf6 10. Bxf6 Nxf6 11. O-O Be6 12. Nd4 Qd7 13. Bb5 O-O 14. Qd3 Rae8
15. Nxe6 Rxe6 16. Bc4 Ne5 17. Bxe6+ Qxe6 18. Qe2 Nh5 19. f3 Nf4 20. Qd1 Nc4 21.
Nd5 Nxb2 22. Nxf4 Rxf4 23. Qd2 Rf7 24. Qd5 Qxd5 25. exd5 Nc4 26. Rfe1 b6 27.
Re4 Ne5 28. f4 Nd7 29. c4 Nc5 30. Re8+ Kg7 31. g3 Nd7 32. Rae1 Nf6 33. R8e7 Kf8
34. Rxf7+ Kxf7 35. Kg2 Nd7 36. Kf3 h6 37. Re3 Nf6 38. Ra3 a5 39. Re3 Nd7 40. g4
g5 41. Re6 gxf4 42. Kxf4 a4 43. Kf5 a3 44. Rxh6 Kg7 45. Re6 1-0

[Event "II Open La Meridiana"]
[Site "Perugia"]
[Date "2012.11.10"]
[Round "3"]
[White "Cangiano, Federico"]
[Black "Bruno, Fabio"]
[Result "0-1"]
[WhiteElo "1898"]
[BlackElo "2424"]
[PlyCount "80"]
[EventDate "2012.11.09"]
[EventType "swiss"]
[EventCountry "ITA"]
[SourceDate "2005.09.12"]

1. d4 d5 2. Nf3 Nf6 3. e3 c5 4. b3 Nc6 5. Bb2 cxd4 6. exd4 Bg4 7. Be2 e6 8. O-O
Bxf3 9. Bxf3 Rc8 10. Nd2 Be7 11. c4 O-O 12. Be2 Qa5 13. a3 dxc4 14. Nxc4 Qc7
15. Rc1 Rfd8 16. Qd3 Qb8 17. Qe3 Nd5 18. Qe4 Qf4 19. Bf3 Qxe4 20. Bxe4 Nf4 21.
Rcd1 Ne2+ 22. Kh1 Nexd4 23. Rd3 f5 24. Bxc6 Nxc6 25. Rfd1 Rxd3 26. Rxd3 b5 27.
Ne3 Kf7 28. g3 Rd8 29. Rxd8 Bxd8 30. Kg2 Bb6 31. Nc2 Na5 32. Nd4 Bxd4 33. Bxd4
a6 34. b4 Nc4 35. f4 e5 36. fxe5 Ke6 37. Kf3 Nxe5+ 38. Ke2 g6 39. Be3 Kd5 40.
h3 Ke4 0-1

[Event "II Open La Meridiana"]
[Site "Perugia"]
[Date "2012.11.10"]
[Round "3"]
[White "Capossela, Fabio"]
[Black "Marsili, Riccardo"]
[Result "0-1"]
[WhiteElo "1665"]
[BlackElo "2074"]
[PlyCount "82"]
[EventDate "2012.11.09"]
[EventType "swiss"]
[EventCountry "ITA"]
[SourceDate "2005.09.12"]

1. c4 g6 2. Nc3 Bg7 3. d4 Nf6 4. e4 d6 5. Be2 Nbd7 6. Nf3 O-O 7. O-O c5 8. d5
Rb8 9. h3 a6 10. a4 b6 11. Be3 h6 12. Qd2 Kh7 13. Nh2 Ne8 14. f4 Nc7 15. Ng4
Nf6 16. f5 Nxg4 17. hxg4 g5 18. Rf3 Bf6 19. Rh3 Kg7 20. Kf2 Rh8 21. Bd3 Bd7 22.
Ne2 b5 23. axb5 axb5 24. cxb5 Bxb5 25. Bxb5 Rxb5 26. Nc3 Rb3 27. Rh5 Qb8 28.
Ra2 Nb5 29. Na4 Rb4 30. Kf3 Nd4+ 31. Kf2 Nb3 32. Qc2 Qb7 33. Rh1 Ra8 34. Nc3
Rxa2 35. Nxa2 Nd4 36. Bxd4 Bxd4+ 37. Kg3 Rxb2 38. Qa4 Rb3+ 39. Kh2 Be5+ 40. g3
Rxg3 41. Qc6 Qb2# 0-1

[Event "II Open La Meridiana"]
[Site "Perugia"]
[Date "2012.11.10"]
[Round "3"]
[White "Naumkin, Igor"]
[Black "Tortolini, Francesco"]
[Result "1-0"]
[WhiteElo "2501"]
[BlackElo "1912"]
[PlyCount "93"]
[EventDate "2012.11.09"]
[EventType "swiss"]
[EventCountry "ITA"]
[SourceDate "2005.09.12"]

1. d4 e6 2. c4 Nf6 3. Nf3 b6 4. g3 Bb7 5. Bg2 Bb4+ 6. Nbd2 O-O 7. O-O d6 8. a3
Bxd2 9. Qxd2 Nbd7 10. b3 Ne4 11. Qc2 f5 12. Bb2 Ndf6 13. Rad1 Qe8 14. d5 e5 15.
Nh4 g6 16. f3 Nc5 17. b4 Ncd7 18. f4 exf4 19. gxf4 Qe3+ 20. Kh1 Rae8 21. Rd3
Qxe2 22. Qc3 Re7 23. Rg3 Kf7 24. Kg1 Ng4 25. Nf3 Qe3+ 26. Qxe3 Nxe3 27. Ng5+
Ke8 28. Rc1 Nxg2 29. Rxg2 Nf6 30. Rgc2 Ne4 31. Ne6 Rg8 32. h4 Bc8 33. Nd4 Bb7
34. Rg2 Kf7 35. Re1 Rge8 36. h5 Rg8 37. hxg6+ Rxg6 38. Nxf5 Rxg2+ 39. Kxg2 Re8
40. Ng7 Re7 41. Ne6 Nd2 42. Nd8+ Ke8 43. Rxe7+ Kxd8 44. Bf6 Nxc4 45. Rxh7+ Kc8
46. Rh8+ Kd7 47. Rd8# 1-0